000 00296nam a22001217a 4500
082 _a823
_bABC/G
100 _aABC PUBLISHERS
245 _aGOOD NIGHT FAIRY STORIES
246 _aGOOD NIGHT FAIRY STORIES
_bGOOD NIGHT FAIRY STORIES
520 _aFAIRY TALES
650 _aFAIRY STORIES
942 _cBK
999 _c8377
_d8377